Дело о службе танцовщицы балетной труппы Анны Кузьминой, по мужу Гилевой

Доступно только в Электронных читальных залах Найти на картеНа карте
RUSMARC
00003728nmc2a22002533x 450
001e265525a-950d-4ab8-895a-ecdc1a4024ed
00520200421224558.0
100##$a20191219l18761896k l0rusy0189 ca
1010#$arus
102##$aRU
105##$ay###
1222#$ad
2001#$aДело о службе танцовщицы балетной труппы Анны Кузьминой, по мужу Гилевой
$j25 января 1876 г. - 1 февраля 1896 г.
215##$a23 л.
$d36,5х26 см
251##$cДело
300##$aНа бланке обложки указано: "Дело Санкт-Петербургской конторы императорских театров"
371##$aДокумент не является опубликованным и широко распространяемым
461#0$10012f5523c4-e973-4835-9ddf-67276a505255
$12001
$aДирекция императорских театров Министерства императорского двора
$1251
$cФонд
$1852
$j497
462#0$1001a3a0e7f0-3ca0-40a6-a9d3-b89be949a9c1
$12001
$aЛичные дела служащих Дирекции императорских театров
$1251
$cОпись
$1852
$j5
801#0$aRU
$bРГИА
$c20191219
$gRCR
801#1$aRU
$bГлавНИВЦ
$c20191219
$2rusmarc
801#2$aRU
$bПБ им. Б.Н. Ельцина
$c20200421
$gRCR
$2rusmarc
850##$aРГИА
852##$aРГИА
$eФедеральное казенное учреждение "Российский государственный исторический архив" (РГИА)
$j1660
937##$hРГИА
$d12332684
$aASBIBLIO_SCAN
035##$aRuPRLIB12143330
856##$uhttp://readingroom.main.prlib.ru/item.aspx?id_node=n144143590&mode=full
Формат отображения